U.S. Presidents Without the Letter J - Statistics

General Stats
  • This quiz has been taken 144 times
    113 since last reset
  • The average score is 22 of 26
Answer Stats
Term President % Correct
1789-1797 George Washington
99%
2009-2017 Barack Obama
93%
1989-1993 George H.W. Bush
93%
2001-2009 George W. Bush
93%
1861-1865 Abraham Lincoln
90%
1933-1945 Franklin D. Roosevelt
90%
1901-1909 Theodore Roosevelt
90%
1981-1989 Ronald Reagan
89%
1969-1974 Richard Nixon
88%
1974-1977 Gerald R. Ford
87%
1953-1961 Dwight D. Eisenhower
86%
1841 William Henry Harrison
86%
1945-1953 Harry Truman
84%
1909-1913 William Taft
84%
1913-1921 Woodrow Wilson
83%
1929-1933 Herbert Hoover
82%
1837-1841 Martin Van Buren
82%
1849-1850 Zachary Taylor
80%
1885-1889, 1893-189 Grover Cleveland
79%
1869-1877 Ulysses S. Grant
79%
1850-1853 Millard Fillmore
78%
1877-1881 Rutherford B. Hayes
77%
1897-1901 William McKinley
76%
1853-1857 Franklin Pierce
74%
1921-1923 Warren Harding
70%
1881-1885 Chester A. Arthur
69%
No matching quizzes found
Score Distribution
Percent of People with Each Score
Percentile by Number Answered
Your Score History
You have not taken this quiz since the last reset